Business management in construction enterprise (Record no. 108735)

MARC details
000 -LEADER
fixed length control field 02912cam a22002895a 4500
001 - CONTROL NUMBER
control field L145259
008 - FIXED-LENGTH DATA ELEMENTS--GENERAL INFORMATION
fixed length control field 080919s2008 xxkd f f 000 0 eng d
020 ## - INTERNATIONAL STANDARD BOOK NUMBER
International Standard Book Number 8389780577
035 ## - SYSTEM CONTROL NUMBER
System control number (Sirsi) u145259
041 0# - LANGUAGE CODE
Language code of text/sound track or separate title eng
050 04 - LIBRARY OF CONGRESS CALL NUMBER
Classification number 658.404 $2 18
100 1# - MAIN ENTRY--PERSONAL NAME
Personal name Eaton, David
245 00 - TITLE STATEMENT
Title Business management in construction enterprise
260 ## - PUBLICATION, DISTRIBUTION, ETC.
Place of publication, distribution, etc. Salford
Name of publisher, distributor, etc. University of Salford
Date of publication, distribution, etc. 2008
300 ## - PHYSICAL DESCRIPTION
Extent 248p.
Other physical details ill.
Dimensions 23cm.
505 2# - FORMATTED CONTENTS NOTE
Formatted contents note Construction organizations: types of construction organizations; organization design; classical organization design; modern organization theory -- Risk management: risk; taxonomy of risks; risk identification -- Value management -- Cost: introduction to newer techniques; genetic algorithms in construction, an introduction; an introduction to fuzzy logic; an introduction to chaos theory; an introduction to complexity theory; the origins and interactions of biomimicry concepts in innovation and change -- Decision making in construction: quantitative decision making, introduction -- Performance, productivity and benchmarking: performance measurement and productivity evaluation; benchmarking - value creation metrics
505 2# - FORMATTED CONTENTS NOTE
Formatted contents note Marketing: marketing applied to construction industry -- Budgeting in enterprise management: the nature and objectives of budgeting; the business model of construction and assembly enterprises; assembly and construction company budget structure; the enterprise revenues and costs budget; the budget of revenues and expenses of an enterprise -- Construction budgeting: construction costs; the construction budget; cost control for a construction contract; organizational aspects of construction budgeting -- Budget of the contractor's plant and temporary facilities: cost of operation of the depot; the budgeting of the equipment and transport depot; monitoring of activity of the equipment and transport depot -- Control of activity of the enterprise: the nature and system of control of activity of an enterprise; profit and loss account of an enterprise; recording of the enterprise revenues and costs; report on activity of the enterprise
520 ## - SUMMARY, ETC.
Summary, etc. Detailed textbook on business management in construction enterprise provides readers with the framework with which to describe the business context of construction organisations, recognise the impact of construction organisations on the business performance of the industry and describe appropriate organisational structures within the context of business performance.
520 ## - SUMMARY, ETC.
Summary, etc. One of seven titles in the Construction Managers' Library series, a set of manuals conveying all the information necessary to develop civil engineering skills in the field of construction management.
521 ## - TARGET AUDIENCE NOTE
Target audience note Advanced
590 ## - LOCAL NOTE (RLIN)
Local note KA
651 #4 - SUBJECT ADDED ENTRY--GEOGRAPHIC NAME
Geographic name Europe
651 #4 - SUBJECT ADDED ENTRY--GEOGRAPHIC NAME
Geographic name United Kingdom
Chronological subdivision
690 ## - LOCAL SUBJECT ADDED ENTRY--TOPICAL TERM (OCLC, RLIN)
Topical term or geographic name as entry element Construction management
9 (RLIN) 6230
700 1# - ADDED ENTRY--PERSONAL NAME
Personal name Kotapski, Roman
942 ## - ADDED ENTRY ELEMENTS (KOHA)
Suppress in OPAC 0
Holdings
Withdrawn status Lost status Source of classification or shelving scheme Damaged status Not for loan Home library Current library Shelving location Date acquired Total Checkouts Full call number Barcode Date last seen Date last checked out Copy number Price effective from Koha item type
    Dewey Decimal Classification     London London Books 19/09/2008 6 658.404 EAT 30076034 06/08/2019 14/01/2010 1 06/08/2019 Book